Indoor air quality engineering / (Record no. 1521)

000 -LEADER
fixed length control field 00631nam a22002174a 4500
001 - CONTROL NUMBER
control field 1521
003 - CONTROL NUMBER IDENTIFIER
control field BD-DhUET
008 - FIXED-LENGTH DATA ELEMENTS--GENERAL INFORMATION
fixed length control field 040416s2005 flua b 001 0 eng
020 ## - INTERNATIONAL STANDARD BOOK NUMBER
International Standard Book Number 1566706742
040 ## - CATALOGING SOURCE
Original cataloging agency DLC
Transcribing agency DLC
Modifying agency BD-DhUET
082 00 - DEWEY DECIMAL CLASSIFICATION NUMBER
Classification number 628.53
Item number ZHA/2005
100 1# - MAIN ENTRY--PERSONAL NAME
Personal name Zhang, Yuanhui.
245 10 - TITLE STATEMENT
Title Indoor air quality engineering /
Statement of responsibility, etc. by Yuanhui Zhang.
250 ## - EDITION STATEMENT
Edition statement Ist ed.
260 ## - PUBLICATION, DISTRIBUTION, ETC. (IMPRINT)
Place of publication, distribution, etc. Boca Raton :
Name of publisher, distributor, etc. CRC Press,
Date of publication, distribution, etc. 2005.
300 ## - PHYSICAL DESCRIPTION
Extent 615 p. :
Other physical details ill. ;
Dimensions 25 cm.
504 ## - BIBLIOGRAPHY, ETC. NOTE
Bibliography, etc Includes bibliographies.
650 #0 - SUBJECT ADDED ENTRY--TOPICAL TERM
Topical term or geographic name as entry element Indoor air pollution.
942 ## - ADDED ENTRY ELEMENTS (KOHA)
Koha item type General Book
856 42 - ELECTRONIC LOCATION AND ACCESS
Uniform Resource Identifier http://www.loc.gov/catdir/enhancements/fy0646/2004049667-d.html
Holdings
Withdrawn status Source of classification or shelving scheme Piece designation (barcode) Price effective from Copy number Location (home branch) Koha normalized classification for sorting Koha date last seen Damaged status Koha issues (times borrowed) Koha full call number Date acquired Lost status Sublocation or collection (holding branch) Koha date last borrowed Shelving location Koha item type Not for loan
  1062922014-09-081Central Library, BUET628_000000000000000_53ZHA20052014-09-08  628.53/ZHA/20052014-09-08 Central Library, BUET Circulation sectionGeneral Book 
  1062932014-09-082Central Library, BUET628_000000000000000_53ZHA20052020-03-04 1628.53/ZHA/20052014-09-08 Central Library, BUET2019-07-02Circulation sectionGeneral Book